000 00376 a2200169 4500
001 178857
020 _a
040 _cMagnum
100 _aMachado, Ana Maria
240 1 0 _aDo outro lado tem segredos
_lpor
245 1 0 _aDo outro lado tem segredos
300 _a51
362 0 _a1985
440 1 _aNova Fronteira
697 _aLITERATURA INFANTO-JUVENIL
942 _cBK
999 _c178857
_d178857